Footballers scored 100 goals in La Liga - Statistics

General Stats
  • This quiz has been taken 119 times
  • The average score is 3 of 19
Answers on the Grid
Answers color-coded by a green-red scale on the quiz's grid according to % correct below.
Telmo Zarra
Neymar Jr
Fernando Hierro
Ronaldinho
Adrián Escudero
Samuel Eto’o
Silvestre Igoa
Luís Figo
Álvaro Morata
Raúl Tamudo
Fernando Torres
Mario Kempes
Mikel Oyarzabal
Fernando Morientes
Pedro Rodríguez
Sergio Agüero
Ángel Di María
Gareth Bale
Alexis Sánchez
Quini
Pahiño
Iago Aspas
Sergio Ramos
Xavi Hernández
Johan Cruyff
Rivaldo
Thierry Henry
Luis Suárez
Edmundo "Mundo" Suárez
Diego Costa
Emilio Butragueño
Patrick Kluivert
Gary Lineker
Romário
Hugo Sanchez
Guillermo Gorostiza
Zinedine Zidane
Ruud van Nistelrooy
Luis Aragonés
Santillana
 
Answer Stats
Answer % Correct
Samuel Eto’o
61%
Luis Suárez
37%
Telmo Zarra
33%
Hugo Sanchez
18%
Emilio Butragueño
14%
Iago Aspas
12%
Fernando Morientes
10%
Fernando Hierro
8%
Quini
8%
Raúl Tamudo
8%
Santillana
8%
Luis Aragonés
6%
Pahiño
6%
Sergio Agüero
6%
Adrián Escudero
4%
Edmundo "Mundo" Suárez
4%
Silvestre Igoa
4%
Guillermo Gorostiza
2%
Mario Kempes
2%
No matching quizzes found
Score Distribution
Percent of People with Each Score
Percentile by Number Answered
Your Score History
You have not taken this quiz